| 000 | 02438nam a2200349 a 4500 | ||
|---|---|---|---|
| 001 | 1963437 | ||
| 003 | AM-YEHGA | ||
| 005 | 20250618080151.0 | ||
| 008 | 240807s2024 ai ad|||||||||||||0|arm|d | ||
| 020 | _a9785808015425 | ||
| 040 | _aAM-YeHGA | ||
| 041 | 0 | _aarm | |
| 044 | _aai | ||
| 100 | 1 | _aԴալլաքյան, Մարինե Ռուսլանի | |
| 245 | 1 | 0 |
_aԳետերի էկոլոգիական վիճակի կենսաբացահայտումը հատակային մակրոանողնաշարների և մակրոֆիտների միջոցով ։ _b(Ուսումնամեթոդական ձեռնարկ) / _cՄ.Ռ. Դալլաքյան, Հ.Վ. Եփրեմյան, Վ.Լ. Ասատրյան ; Խմբագիր՝ Ժ.Հ. Մկրտչյան ; Գրախոսներ՝ Ս.Խ. Պիպոյան, Բ.Կ. Գաբրիելյան, Ի.Գ. Գաբրիելյան ; ՀՀ ԳԱԱ, Կենսաբանության և հիդրոէկոլոգիայի գիտական կենտրոն ; Խաչատուր Աբովյանի անվան հայկական պետական մանկավարժական համալսարան. |
| 246 | 1 | 5 |
_aThe biodetection of the ecological state of rivers using benthic macroinvertebrates and macrophytes : _b(Educational handbook) |
| 260 |
_aԵրևան : _bՀՀ ԳԱԱ «Գիտություն» հրատարակչություն, _c2024. |
||
| 300 |
_a107 էջ ։ _bաղյուսակներ, նկարներ ; _c21 սմ. |
||
| 504 | _aԳրականության ցանկ՝ էջ 101-107։ | ||
| 650 | 1 | 4 |
_aՀիդրոկենսաբանություն _xԿենսացենոզներ և էկոհամակարգեր _vՈւսումնամեթոդական ձեռնարկներ |
| 650 | 1 | 4 | _aՄակերևութային ջրերի հիդրոլոգիա |
| 700 | 1 | _aԵփրեմյան, Հերմինե Վանիկի | |
| 700 | 1 | _aԱսատրյան, Վարդան Լևոնի | |
| 700 | 1 |
_aՄկրտչյան, Ժ.Հ. _eխմբագիր _4edt |
|
| 700 | 1 |
_aՊիպոյան, Ս.Խ. _eգրախոս _4rev |
|
| 700 | 1 |
_aԳաբրիելան, Բ.Կ. _eգրախոս _4rev |
|
| 700 | 1 |
_aԳաբրիելյան, Ի.Գ. _eգրախոս _4rev |
|
| 710 | 1 |
_aՀՀ Գիտությունների ազգային ակադեմիա ։ _bԿենսաբանության և հիդրոէկոլոգիայի գիտական կենտրոն |
|
| 710 | 2 |
_aԽաչատուր Աբովյանի անվան հայկական պետական մանկավարժական համալսարան _952 |
|
| 942 |
_2udc _cBK |
||
| 090 | _c570113 | ||
| 999 |
_c531353 _d531353 |
||